Normal view
MARC view
Entry Topical Term
001 - CONTROL NUMBER
- control field: 21199
003 - CONTROL NUMBER IDENTIFIER
- control field: BD-DhEWU
005 - DATE AND TIME OF LATEST TRANSACTION
- control field: 20171024193348.0
008 - FIXED-LENGTH DATA ELEMENTS
- fixed length control field: 171024|| aca||aabn | a|a d
040 ## - CATALOGING SOURCE
- Original cataloging agency: BD-DhEWU
- Transcribing agency: BD-DhEWU
150 ## - HEADING--TOPICAL TERM
- Topical term or geographic name as entry element: Computer networks.
670 ## - SOURCE DATA FOUND
- Source citation: Work cat.: (BD-DhEWU)5135: Stallings, William. 21198, Foundations of modern networking :, 2016.